Siete culebras : (Record no. 22109)

000 -CABECERA
fixed length control field 01792nam a22002777a 4500
003 - IDENTIFICADOR DEL NÚMERO DE CONTROL
control field AR-CdUCM
008 - DATOS DE LONGITUD FIJA--INFORMACIÓN GENERAL
fixed length control field 190425b ||||| |||| 00| 0 spa d
040 ## - FUENTE DE LA CATALOGACIÓN
Agencia/entidad que catalogó originalmente la obra MUNICIPALIDAD PROVINCIAL DEL CUSCO
Entidad que transcribió la catalogación BIBLIOTECA MUNICIPAL DEL CUSCO
082 ## - NÚMERO DE LA CLASIFICACIÓN DECIMAL DEWEY
No. de Clasificación Sieteculebras/N°16/2002
245 ## - MENCIÓN DE TÍTULO
Título Siete culebras :
Resto del título Revista de cultura andina /
Mención de responsabilidad Mario Guevara Paredes, Director
260 ## - PUBLICACIÓN, DISTRIBUCIÓN, ETC.
Lugar de publicación, distribución, etc. Cusco :
Nombre de la editorial, distribuidor, etc. Sieteculebras,
Fecha de publicación, distribución, etc. 2002.
300 ## - DESCRIPCIÓN FÍSICA
Nº de Páginas Extensión 81 páginas. :
Otros detalles físicos ilustraciones ;
Dimensiones 30 cm.
440 ## - MENCIÓN DE SERIE/PUNTO DE ACCESO ADICIONAL--TÍTULO
Título Revista Siete Culebras.
Número de la parte/sección de una obra diciembre, enero 2002, N°16
9 (RLIN) 47459
505 ## - NOTA DE CONTENIDO CON FORMATO
Nota de contenido formateada Contenido: La narrativa andina. Juan Alberto Osorio. -- El arpa peruana generalidades. Claude Ferrier. -- Poesía. Carlos Velásquez Iwaki. -- Utopía globalización y poética en la literatura femenina del nuevo milenio, Maria Regla Villa. -- La personalidad poética de César Vallejo. Clary Loisel. -- Cuente. Miguel Ildefonso. -- Poesía. Paola Paula. -- El fuego nocturno del Sur. Alejandro Alonso. -- Aporte etnobiofilosofico sobre el escarabajo blanco. Ricardo Torres. -- El humos como resorte narrativo en Bryce Echenique. Mario Pantoja. -- Una sala funeraria en Sacsayhuaman. Mónica Paredes García. -- Poesía. Ana Bertha Vizcarra. -- Entrevista con Mario Curasi. Luis Nieto. -- Recuperación del Centro Histórico del Cusco una necesidad impostergable. José Carlos Gutiérrez Samanez. ...
650 ## - PUNTO DE ACCESO ADICIONAL DE MATERIA--TÉRMINO DE MATERIA
Descriptor Literatura cusqueña
9 (RLIN) 47453
650 ## - PUNTO DE ACCESO ADICIONAL DE MATERIA--TÉRMINO DE MATERIA
Descriptor Narradores cusqueños
9 (RLIN) 31142
650 ## - PUNTO DE ACCESO ADICIONAL DE MATERIA--TÉRMINO DE MATERIA
Descriptor Literatos cusqueños
9 (RLIN) 44145
650 ## - PUNTO DE ACCESO ADICIONAL DE MATERIA--TÉRMINO DE MATERIA
Descriptor Arqueología cusqueña
9 (RLIN) 9322
650 ## - PUNTO DE ACCESO ADICIONAL DE MATERIA--TÉRMINO DE MATERIA
Descriptor Poesía
9 (RLIN) 47456
700 ## - PUNTO DE ACCESO ADICIONAL--NOMBRE DE PERSONA
Nombre Personal Guevara Paredes, Mario
9 (RLIN) 6574
700 ## - PUNTO DE ACCESO ADICIONAL--NOMBRE DE PERSONA
Nombre Personal Vizcarra, Ana Bertha
9 (RLIN) 47457
700 ## - PUNTO DE ACCESO ADICIONAL--NOMBRE DE PERSONA
Nombre Personal Paredes García, Mónica
9 (RLIN) 8651
700 ## - PUNTO DE ACCESO ADICIONAL--NOMBRE DE PERSONA
Nombre Personal Gutiérrez Samanez, José Carlos
9 (RLIN) 46831
942 ## - ELEMENTOS DE PUNTO DE ACCESO ADICIONAL (KOHA)
Fuente de clasificación
Tipo de item Revistas cusqueñas
945 ## - PROCESAMIENTO DE INFORMACIÓN LOCAL (OCLC)
Catalogador rac
Holdings
Estado de retiro (separado) Fuente de clasificación o esquema de estanterías Estado dañado Ubicación Sala donde se ubica Nombre de la colección Fecha de adquisición o compra Costo, precio normal en soles Signatura topográfica Código de Barras Última vez visto (Koha) Tipo de ítem (Koha)
No     Sala Hemeroteca Sala Hemeroteca Book Cart 2022-03-07 5.00 Sieteculebras/N°16/2002 REVC000814 2022-03-07 Revistas cusqueñas

Powered by Koha